000 00605nam a2200229Ia 4500
003 OSt
005 20220926012125.0
006 a|||||r|||| 00| 0
007 ta
008 220923b |||||||| |||| 00| 0 eng d
020 _a0063502798
037 _cGeneral Book
040 _aRTL
_cRTL
_beng
041 _2eng
_aeng
082 _aX:57, M0/SC
100 _aDORNBUSCH Rudiger
245 0 _aOpen economy macroeconomcs.
260 _aNew York
_bBasic books
_c1980
300 _aix,293p.
_ccm.
942 _hX:57, M0/SC
_cGB
_2CC
999 _c621763
_d621763